Adobe Photoshop 7.0 Simplified : A step-by-step approach

Bibliographic Details
Main Author: Palani Murugappan
Format: Book
Published: Kuala Lumpur : Venton Publishing (M) Sdn. Bhd. , 2003
Subjects:

MARC

LEADER 00000cam a2200000 7i4500
001 0000011685
005 20080118.0
008 071116
020 |a 983266117X 
090 0 0 |a 006.6869   |b PAL 
100 0 |a Palani Murugappan 
245 1 0 |a Adobe Photoshop 7.0 Simplified :   |b A step-by-step approach   |c Palani Murugappan 
260 |a Kuala Lumpur :   |b Venton Publishing (M) Sdn. Bhd. ,   |c 2003 
650 0 |a Computer   |x Study and teaching 
999 |a 0000934603   |b Book   |c Adult Collection   |e Cawangan Tangkak 
999 |a 0000934604   |b Book   |c Adult Collection   |e Cawangan Tangkak 
999 |a 0000934605   |b Book   |c Adult Collection   |e Cawangan Tangkak 
999 |a 0000941222   |b Book   |c Adult Collection   |e Cawangan Taman Sri Lambak 
999 |a 0001003006   |b Book   |c Adult Collection   |e Cawangan Segamat 
999 |a 0001003007   |b Book   |c Adult Collection   |e Perbadanan Perpustakaan Awam Johor 
999 |a 0001003008   |b Book   |c Adult Collection   |e Cawangan Muar